| 000 | 01043cad a22002295a 4500 | ||
|---|---|---|---|
| 001 | L152445 | ||
| 008 | 110308s20110303xxkd f s 000 0 eng d | ||
| 035 | _a(Sirsi) u152445 | ||
| 041 | 0 | _aeng | |
| 050 | 0 | 4 | _a346.4104342 $2 18 |
| 110 | 2 |
_aRoyal Institution of Chartered Surveyors _94900 |
|
| 245 | 0 | 0 |
_aRICS residential lettings survey Great Britain _bJanuary 2011 _h[electronic resource] |
| 260 |
_aLondon _bRICS _c2011 |
||
| 490 | 0 |
_aRICS Residential Lettings Survey Great Britain _vJanuary 2011 |
|
| 520 | _aDemand for lettings continues to rise as supply of property remains tight. Rents rise at the fastest pace in survey history. Rental growth strongest in London and south east. | ||
| 590 | _aKA | ||
| 650 | 2 | 4 | _aRICS RESIDENTIAL LETTINGS SURVEY GREAT BRITAIN |
| 651 | 4 |
_aGreat Britain _y1707- |
|
| 690 | _aPROPERTY-RESIDENTIAL PROPERTY-RESIDENTIAL PROPERTY MARKET | ||
| 856 | 4 | 0 |
_uhttps://www.rics.org/Global/Downloads/RICS_Residential_Lettings_Survey_January_2011.pdf _zView the item free of charge at www.rics.org |
| 942 | _n0 | ||
| 999 |
_c112062 _d112062 |
||